| 000 | 01127nam a2200289Ia 4500 | ||
|---|---|---|---|
| 003 | OSt | ||
| 005 | 20221005111939.0 | ||
| 006 | a|||||r|||| 00| 0 | ||
| 007 | ta | ||
| 008 | 221004b |||||||| |||| 00| 0 san d | ||
| 020 | _c40 | ||
| 024 | _a4969 | ||
| 037 |
_b046, 28/06/2013, University Book House _cTextual |
||
| 040 |
_aCRL _cCRL _bsan |
||
| 041 |
_2san _asan |
||
| 082 | _aO15,1D63,1, P5 | ||
| 100 | _aभारवि | ||
| 245 | 0 | _aकिरातार्जुनीयम् | |
| 246 | _aKirātārjunīyam | ||
| 260 |
_aवाराणसी _bचौखम्बा सुरभारती भारत _c2005 |
||
| 300 |
_a72पृ0 _ccm. |
||
| 490 | _aविद्याभवन संस्कृत ग्रन्थमाला थ्ल्न्च् क्ब्.1 ै।छ; 146 | ||
| 650 | _aसंस्कृत साहित्य | ||
| 700 | _a शर्मा, समीर, अनु. | ||
| 942 |
_hO15,1D63,1, P5 _cTEXL _2cc |
||
| 999 |
_c1023383 _d1023383 |
||